000 00342nam a2200133 i 4500
001 bg
100 1 _aMICHAŁOWSKI, Stanisław
245 0 _aĆwiczenia laboratoryjne z dynamiki maszyn /
_cStanisław Michałowski.
260 _aKraków,
_c1975.
040 _cBPK
041 _apol
942 _cKS
008 s pl f |000 0 pol
999 _c16312
_d16312
856 _uhttp://koha.tu.koszalin.pl/cgi-bin/koha/opac-detail.pl?biblionumber=16312
_yKatalog online BPK